| 000 | 00607nam a2200217 a 4500 | ||
|---|---|---|---|
| 005 | 20220530093647.0 | ||
| 008 | 060426s2003 mx r 000 0 spa d | ||
| 020 | _a9707013737 | ||
| 035 | _aUPN01000143931 | ||
| 049 | _aCG | ||
| 050 | 4 |
_aQH431 _bC3.5 |
|
| 100 | 1 |
_aCasanueva, Mario _936016 |
|
| 245 | 1 | 0 |
_aMendeliana / _cMario Casanueva. |
| 260 |
_aMéxico : _bUAM-Iztapalapa : _bM. A. Porrúa, _c2003. |
||
| 300 | _a208 p. | ||
| 440 | 0 |
_aBiblioteca de signos ; _v28 |
|
| 650 | 2 |
_aGenética humana _94554 |
|
| 650 | 2 |
_aHerencia (Biología) _916811 |
|
| 650 | 4 |
_aMENDEL, LEY DE _916813 |
|
| 905 | _aLibro | ||
| 999 |
_c116078 _d116078 |
||